Những năm tháng quyết định Hồi ức

Tallennettuna:
Bibliografiset tiedot
Päätekijä: HOÀNG VĂN THÁI
Aineistotyyppi: Kirja
Kieli:Undetermined
Julkaistu: Hà Nội QĐND 2001
Aiheet:
Tagit: Lisää tagi
Ei tageja, Lisää ensimmäinen tagi!
Thư viện lưu trữ: Trung tâm Học liệu Trường Đại học Cần Thơ
LEADER 00508nam a2200181Ia 4500
001 CTU_46583
008 210402s9999 xx 000 0 und d
082 |a 895.922803 
082 |b Th103 
100 |a HOÀNG VĂN THÁI 
245 0 |a Những năm tháng quyết định 
245 0 |b Hồi ức 
245 0 |c HOÀNG VĂN THÁI 
260 |a Hà Nội 
260 |b QĐND 
260 |c 2001 
650 |a war stories, vietnamese 
980 |a Trung tâm Học liệu Trường Đại học Cần Thơ